000 00964caa a22002417a 4500
999 _c408587
_d408587
001 135315
003 UA-OsUOA
005 20200427215659.0
007 ta
008 20190118b un ||||| |||| 00| 0 ukr d
040 _aUA-OsUOA
_bukr
_cUA-OsUOA
_dUA-OsUOA
041 _aukr
080 _a908
090 _a908
_bС79
100 _aСтепенькіна П.
245 _aІсторіоргафія дослідження "Палінодії" Захарії Копистенського
_cП. Степенькіна
300 _aС. 151–161
650 7 _a908 Краєзнавство
_2UDC
773 0 _0322642
_9343467
_dК. Інститут укр. археографії та джерелознавства ім. грушевського НАН України 2005
_o94243
_tНаукові записки
_w(UA-OsUOA) 36403
_z966-02-3571-2
942 _cBKA
_2udc
955 _a1